محاكمات فنية وادبية وفكرية : (Record no. 66573)
[ view plain ]
| 000 -الفاتح | |
|---|---|
| حقل البيانات ثابتة الطول | 01040nam a22002537a 4500 |
| 005 - وقت وتاريخ اخر تعامل مع التسجيلة | |
| رقم الضبط | 20240530110926.0 |
| 008 - عناصر البيانات ثابتة الطول - معلومات عامة | |
| حقل البيانات ثابتة الطول | 160203s2013 ua g b 000 0 ara d |
| 017 ## - رقم الايداع القانونى | |
| رقم الايداع القانونى | 2009/22011 |
| المصدر ( الهيئة المختصة) | مصر . دار الكتب المصرية |
| 020 ## - الرقم الدولى المعيارى للكتب | |
| الرقم الدولى المعيارى للكتاب | 9789774796976 |
| 040 ## - مصدر الفهرسة | |
| وكالة الفهرسة الأصلية | EG-CaGPL |
| 082 04 - رقم تصنيف ديوى العشرى | |
| رقم الطبعة | 21 |
| رقم التصنيف | 347.07\ |
| رقم المادة | ر م |
| 100 0# - المدخل الرئيسى - إسم شخصى | |
| الإسم الشخصى | رمسيس عوض |
| 245 00 - بيان العنوان | |
| العنوان | محاكمات فنية وادبية وفكرية : |
| بقية العنوان | محاضر تحقيق امام لجان تحقيق امريكية وثائق مختارة / |
| بيان المسئوليه,etc | رمسيس عوض |
| 260 ## - PUBLICATION, DISTRIBUTION, ETC. (IMPRINT) | |
| تاريخ النشر أو التوزيع | 2010 . |
| 300 ## - الوصف المادى | |
| التعداد | 2 جزء ؛ |
| أبعاد الوعاء | 24 سم . |
| 490 0# - بيان السلسلة | |
| عنوان السلسلة | المشروع القومى للترجمة ؛ |
| رقم المجلد/ التعيين التسلسلي | 1442 |
| 504 ## - تبصرة ببليوجرافية | |
| تبصرة ببليوجرافية,الخ | يشتمل على ارجاعات ببليوجرافية |
| 650 04 - المدخل الاضافى بالموضوع-مصطلح موضوعى | |
| مصطلح موضوعي | حرية التعبير |
| 650 04 - المدخل الاضافى بالموضوع-مصطلح موضوعى | |
| مصطلح موضوعي | المحاكمات الفنية |
| 650 04 - المدخل الاضافى بالموضوع-مصطلح موضوعى | |
| مصطلح موضوعي | المحاكمات الادبية |
| 700 1# - المدخل الاضافى - اسم شخصى | |
| الإسم الشخصى | رمسيس عوض |
| الدور | مترجم |
| 942 ## - عناصر المدخل الإضافي( كوها) | |
| مصدر التصنيف او مخطط الترفيف | Dewey Decimal Classification |
| Koha [default] item type | كتاب |
| 260 ## - PUBLICATION, DISTRIBUTION, ETC. (IMPRINT) | |
| -- | القاهرة : |
| -- | المركز القومى للترجمة ، |
| حالة التراجع | حالة الفقد | حالة تلف | ليس للاعارة | المكان المؤقت | الموقع الحالى | تاريخ الاكتساب | اجمالي اﻻعارات | رقم الطلب | الباركود | تاريخ اخر مشاهدة | تاريخ تفعيل السعر | نوع وعاء كوها |
|---|---|---|---|---|---|---|---|---|---|---|---|---|
| مكتبة القاهرة الكبرى | مكتبة القاهرة الكبرى | 08/07/2022 | 347.07\ ر م | 168189 | 08/07/2022 | 08/07/2022 | كتاب | |||||
| مكتبة القاهرة الكبرى | مكتبة القاهرة الكبرى | 08/07/2022 | 347.07\ ر م | 168190 | 08/07/2022 | 08/07/2022 | كتاب |

